MARC details
| 000 -LEADER |
| fixed length control field |
00844nam a2200253#a 4500 |
| 001 - CONTROL NUMBER |
| control field |
01174 |
| 003 - CONTROL NUMBER IDENTIFIER |
| control field |
HDC |
| 007 - PHYSICAL DESCRIPTION FIXED FIELD--GENERAL INFORMATION |
| fixed length control field |
ta |
| 008 - FIXED-LENGTH DATA ELEMENTS--GENERAL INFORMATION |
| fixed length control field |
230623s2009 xx 000 0 eng d |
| 020 ## - INTERNATIONAL STANDARD BOOK NUMBER |
| International Standard Book Number |
97898320255 (pbk.). |
| 040 ## - CATALOGING SOURCE |
| Original cataloging agency |
HDC |
| 050 ## - LIBRARY OF CONGRESS CALL NUMBER |
| Classification number |
HC 445.5 |
| Item number |
.C33 2009 C21 |
| 245 #0 - TITLE STATEMENT |
| Title |
Case book on transformation, innovation and partnership. |
| 264 ## - PRODUCTION, PUBLICATION, DISTRIBUTION, MANUFACTURE, AND COPYRIGHT NOTICE |
| Place of production, publication, distribution, manufacture |
Petaling Jaya, Selangor : |
| Name of producer, publisher, distributor, manufacturer |
Malaysia Productivity Corporation, |
| Date of production, publication, distribution, manufacture, or copyright notice |
2009. |
| 300 ## - PHYSICAL DESCRIPTION |
| Extent |
196p. : |
| Other physical details |
ill. ; |
| Dimensions |
25cm + |
| Accompanying material |
1 computer laser optical disc (4 3/4 in.). |
| 650 ## - SUBJECT ADDED ENTRY--TOPICAL TERM |
| Topical term or geographic name entry element |
Economic development projects |
| Geographic subdivision |
Malaysi |
| General subdivision |
Evaluation. |
| 650 ## - SUBJECT ADDED ENTRY--TOPICAL TERM |
| Topical term or geographic name entry element |
Manpower policy |
| Geographic subdivision |
Malaysia |
| General subdivision |
Case studies. |
| 650 ## - SUBJECT ADDED ENTRY--TOPICAL TERM |
| Topical term or geographic name entry element |
Technological innovations |
| Geographic subdivision |
Malaysia |
| General subdivision |
Case studies. |
| 700 ## - ADDED ENTRY--PERSONAL NAME |
| Personal name |
Malaysia Productivity Corporation |
| 942 ## - ADDED ENTRY ELEMENTS (KOHA) |
| Source of classification or shelving scheme |
Library of Congress Classification |
| 942 ## - ADDED ENTRY ELEMENTS (KOHA) |
| Koha item type |
Book |
| 942 ## - ADDED ENTRY ELEMENTS (KOHA) |
| Call number prefix |
HC 445.5 |
| 942 ## - ADDED ENTRY ELEMENTS (KOHA) |
| Call number suffix |
.C33 2009 C21 |